banner-ar

من القصص الاسلامى/ (Record no. 34500)

MARC details
000 -الفاتح
حقل البيانات ثابتة الطول 00735nam a2200217Ia 4500
005 - وقت وتاريخ اخر تعامل مع التسجيلة
رقم الضبط 20240530102751.0
008 - عناصر البيانات ثابتة الطول - معلومات عامة
حقل البيانات ثابتة الطول 140319s9999 ua 000 0 ara d
020 ## - الرقم الدولى المعيارى للكتب
الرقم الدولى المعيارى للكتاب 9771631926
040 ## - مصدر الفهرسة
وكالة الفهرسة الأصلية GCL /
وكالة النسخ GCL
082 04 - رقم تصنيف ديوى العشرى
رقم التصنيف 210/
رقم المادة م أ
100 0# - المدخل الرئيسى - إسم شخصى
الإسم الشخصى محمد رجب البيومى
245 10 - بيان العنوان
العنوان من القصص الاسلامى/
بيان المسئوليه,etc محمد رجب البيومى
260 ## - PUBLICATION, DISTRIBUTION, ETC. (IMPRINT)
تاريخ النشر أو التوزيع 1988.
300 ## - الوصف المادى
التعداد 2 جزء ؛
أبعاد الوعاء 19 سم.
490 #0 - بيان السلسلة
عنوان السلسلة اسلاميات. مكتبة المسلم العصرية ؛
رقم المجلد/ التعيين التسلسلي 89،93.
650 07 - المدخل الاضافى بالموضوع-مصطلح موضوعى
مصدر الرأس أو المصطلح qrmak
مصطلح موضوعي الاسلام
650 07 - المدخل الاضافى بالموضوع-مصطلح موضوعى
مصدر الرأس أو المصطلح qrmak
مصطلح موضوعي الالفاظ
650 07 - المدخل الاضافى بالموضوع-مصطلح موضوعى
مصدر الرأس أو المصطلح qrmak
مصطلح موضوعي البلاغة فى القران
942 ## - عناصر المدخل الإضافي( كوها)
مصدر التصنيف او مخطط الترفيف Dewey Decimal Classification
Koha [default] item type كتاب
260 ## - PUBLICATION, DISTRIBUTION, ETC. (IMPRINT)
-- القاهرة :
-- المؤسسة العربية الحديثة ،
Holdings
حالة التراجع حالة الفقد حالة تلف ليس للاعارة المكان المؤقت الموقع الحالى تاريخ الاكتساب اجمالي اﻻعارات رقم الطلب الباركود تاريخ اخر مشاهدة تاريخ تفعيل السعر نوع وعاء كوها تبصرة عامة
        مكتبة القاهرة الكبرى مكتبة القاهرة الكبرى 03/26/2014   210/م أ 82599 03/26/2014 05/30/2024 كتاب تم وضع الهجاء على اساس الناشر والسلسلة
        مكتبة القاهرة الكبرى مكتبة القاهرة الكبرى 03/26/2014   210\أ م 82600 03/26/2014 05/30/2024 كتاب تم وضع الهجاء على اساس الناشر والسلسلة
        مكتبة القاهرة الكبرى مكتبة القاهرة الكبرى 03/26/2014   210\أ م 82601 03/26/2014 05/30/2024 كتاب تم وضع الهجاء على اساس الناشر والسلسلة

Powered By

EGPV